000 00231nam a2200097Ia 4500
001 652654
005 20250826154442.0
008 250824s9999 xx 000 0 und d
245 0 _aRUBY ROGERS ANLAT BANA
_cSUE LİMB
260 _bALTIN
999 _c652654
_d652654